| 000 | 01725nam a2200433 a 4500 | ||
|---|---|---|---|
| 001 | ebr10494580 | ||
| 003 | CaPaEBR | ||
| 006 | m u | ||
| 007 | cr cn||||||||| | ||
| 008 | 110408s2011 mau sb 001 0beng d | ||
| 010 | _z 2011013467 | ||
| 020 | _z9781444331400 (hardcover : alk. paper) | ||
| 020 | _z9781444344233 (Wiley Online Library) | ||
| 020 | _z9781444344219 (ePub) | ||
| 020 | _z9781444344226 (Mobi) | ||
| 020 | _z9781444344202 (e-book) | ||
| 040 |
_aCaPaEBR _cCaPaEBR |
||
| 035 | _a(OCoLC)759159286 | ||
| 043 | _an-us--- | ||
| 050 | 1 | 4 |
_aE757 _b.C73 2011eb |
| 082 | 0 | 4 |
_a973.91/1092 _aB _222 |
| 245 | 0 | 2 |
_aA companion to Theodore Roosevelt _h[electronic resource] / _cedited by Serge Ricard. |
| 260 |
_aMalden, Mass. : _bWiley-Blackwell, _c2011. |
||
| 300 | _axvii, 584 p. | ||
| 490 | 1 | _aBlackwell companions to American history | |
| 490 | 1 | _aAmerican presidents | |
| 504 | _aIncludes bibliographical references and index. | ||
| 533 |
_aElectronic reproduction. _bPalo Alto, Calif. : _cebrary, _d2013. _nAvailable via World Wide Web. _nAccess may be limited to ebrary affiliated libraries. |
||
| 600 | 1 | 0 |
_aRoosevelt, Theodore, _d1858-1919. |
| 650 | 0 |
_aPresidents _zUnited States _vBiography. |
|
| 651 | 0 |
_aUnited States _xPolitics and government _y1901-1909. |
|
| 651 | 0 |
_aUnited States _xPolitics and government _y1909-1913. |
|
| 655 | 7 |
_aElectronic books. _2local |
|
| 700 | 1 | _aRicard, Serge. | |
| 710 | 2 | _aebrary, Inc. | |
| 830 | 0 | _aBlackwell companions to American history. | |
| 830 | 0 | _aAmerican presidents series (Times Books (Firm)) | |
| 856 | 4 | 0 |
_uhttp://site.ebrary.com/lib/rucke/Doc?id=10494580 _zAn electronic book accessible through the World Wide Web; click to view |
| 999 |
_c129902 _d129902 |
||